000 00804nam0a22002531 4500
001 rc\4768741
005 20250613070149.0
021 _aRU
_b[68-76906]
035 _a(NLR Aleph) 009000216
090 _a9302285
_c9302285
100 _a20130417d1968 |||y0rusy50 ca
101 0 _arus
102 _aRU
105 _aa z |||a|
200 1 _aЗапишите в космонавты
_e[Стихи
_eДля дошкольного возраста
_fИл.: Б. Сивец
210 _aВолгоград
_cН.-Волж. кн. изд-во
_d1968]
215 _a14 с.
_cил.
_d26
700 1 _aМогутин
_bЮ.Н.
_f1937-
_gЮрий Николаевич
702 1 _aСивец
_bБ.
_4440
801 0 _aRU
_bNLR
_gpsbo
801 1 _aRU
_bELAR
_2rusmarc
852 _aNLR
_j68-7/2039
942 _cBOOK
980 _aNB